Yassıada'nın sessiz tanıkları / (Kayıt no. 13386)

MARC ayrıntıları
000 -BAŞLIK
Sabit Uzunlukta Kontrol Alanı 00867nam a22002657a 4500
999 ## - SİSTEM KONTROL NUMARALARI (KOHA)
Koha Biblionumber 13386
Koha Biblioitemnumber 13386
003 - KONTROL NUMARASI IDENTIFIER
Denetim Alanı MIRAKIL
005 - SON İŞLEM TARİHİ VE ZAMANI
Denetim Alanı 20190705122830.0
008 - SABİT-BOY VERİ ELEMANLARI - GENEL BİLGİLER
Sabit Uzunlukta Kontrol Alanı 190705b tu ||||| |||| 00| 0 tur d
020 ## - ULUSLARARASI STANDART KİTAP NUMARASI
Uluslararası Standart Kitap Numarası 9786055799175
040 ## - KATALOGLAMA KAYNAK
Orijinal Kataloglama Ajansı TR-AnCHP
Metne Dönüştürmek Ajansı TR-AnCHP
041 ## - DİL KODU
Metin / Ses Parça Veya Ayrı Başlığın Dil Kodu tur
082 ## - DEWEY ONLU SINIFLANDIRMA NUMARASI
Sınıflandırma Numarası 956.1036
Ürün Numarası Ş35y 2011
100 1# - ANA GİRİŞ - KİŞİSEL İSİM
Kişisel Ad Şen, Erdal,
Bir Adıyla İlişkilendirilen Tarihler 1973-
245 00 - BAŞLIK TABLOSU
Başlık Yassıada'nın sessiz tanıkları /
Sorumluluk Tablosu, Vb Erdal Şen.
250 ## - EDITION TABLOSU
Baskı Beyanı 10. bs.
260 ## - YAYIN, DAĞITIM, VB
Yayın, Dağıtım, Vb Yeri İstanbul :
Yayıncı, Dağıtıcı, Vs Adı Zaman Kitap,
Yayın, Dağıtım, Vb Tarihi 2011.
300 ## - FİZİKSEL TANIM
Kapsam 419 s. :
Diğer Fiziksel Ayrıntıları fotg. ;
Boyutlar 21 sm.
490 1# - SERİSİ TABLOSU
Seri Beyanı Zaman Kitap.
-- Röportaj ;
Hacim / Ardışık Tanımı yayın no.:109.
-- 4.
600 10 - KONU KATMA GİRİŞ - KURUMSAL ADI
Kişisel Ad Menderes, Adnan,
Bir Adıyla İlişkilendirilen Tarihler 1899-1961
Genel Alt Bölümü yaşamöyküsü
600 #0 - KONU KATMA GİRİŞ - KURUMSAL ADI
Kişisel Ad Menderes, Adnan
Bir Adıyla İlişkilendirilen Tarihler 1899-1961
Genel Alt Bölümü Davalar
9 (RLIN) 5866
650 #0 - KONU KATMA GİRİŞ - TOPİKAL DÖNEM
Topikal Süreli Veya Coğrafi Ad Giriş Elemanı siyasi tarih
Genel Alt Bölümü Türkiye
Kronolojik Alt Bölümü 1950-
9 (RLIN) 5106
650 #0 - KONU KATMA GİRİŞ - TOPİKAL DÖNEM
Topikal Süreli Veya Coğrafi Ad Giriş Elemanı Darbeler
Genel Alt Bölümü Türkiye
Kronolojik Alt Bölümü 27 Mayıs1960
9 (RLIN) 333
650 #0 - KONU KATMA GİRİŞ - TOPİKAL DÖNEM
Topikal Süreli Veya Coğrafi Ad Giriş Elemanı Davalar
Genel Alt Bölümü Yassıada davası
Coğrafi Alt Bölümü Türkiye
9 (RLIN) 334
942 ## - EKLENDİ GİRİŞ ELEMANLARI (KOHA)
Sınıflandırma Veya Raf Düzeni Kaynak Dewey Decimal Classification
Koha Öğesi Türü Kitaplar
Mevcut
Kalıcı Konum Mevcut Konum Edinme Tarihi Toplam Check-Out'Lar Tam Çağrı Numarası Barkod Tarih Son Görülme İtibaren Geçerli Fiyatlar Koha Öğesi Türü
CHP Kütüphanesi CHP Kütüphanesi 07/05/2019   956.1036 Ş35y 2011 019254 07/05/2019 07/05/2019 Kitaplar